LEADER 01660nam 2200517I 450 001 9910702411003321 005 20140820124833.0 035 $a(CKB)5470000002428063 035 $a(OCoLC)888052652 035 $a(EXLCZ)995470000002428063 100 $a20140820j201310 ua 0 101 0 $aeng 135 $aurmn||||||||| 181 $ctxt$2rdacontent 182 $cc$2rdamedia 183 $acr$2rdacarrier 200 10$aManufacture of lunar regolith simulants /$fD.L. Rickman [and four others] 210 1$aHuntsville, Alabama :$cNational Aeronautics and Space Administration, Marshall Space Flight Center,$dOctober 2013. 215 $a1 online resource (ix, 65 pages) $cillustrations (some color) 225 1 $aNASA/TM ;$v2013-217491 300 $aTitle from title screen (viewed Aug. 20, 2014). 300 $a"October 2013." 320 $aIncludes bibliographical references (pages 56-59). 606 $aLunar rocks$2nasat 606 $aManufacturing$2nasat 606 $aRegolith$2nasat 606 $aPyrites$2nasat 606 $aQuartz$2nasat 606 $aMining$2nasat 606 $aCrushing$2nasat 615 7$aLunar rocks. 615 7$aManufacturing. 615 7$aRegolith. 615 7$aPyrites. 615 7$aQuartz. 615 7$aMining. 615 7$aCrushing. 700 $aRickman$b D. L.$01389236 712 02$aGeorge C. Marshall Space Flight Center, 712 02$aUnited States.$bNational Aeronautics and Space Administration, 801 0$bGPO 801 1$bGPO 906 $aBOOK 912 $a9910702411003321 996 $aManufacture of lunar regolith simulants$93550876 997 $aUNINA LEADER 03857nam 2200733 450 001 9910818040403321 005 20210701021319.0 010 $a0-8014-7132-X 010 $a1-322-52312-6 010 $a0-8014-7133-8 024 7 $a10.7591/9780801471339 035 $a(CKB)3710000000216376 035 $a(OCoLC)889302551 035 $a(CaPaEBR)ebrary10904416 035 $a(SSID)ssj0001578449 035 $a(PQKBManifestationID)16253976 035 $a(PQKBTitleCode)TC0001578449 035 $a(PQKBWorkID)14861230 035 $a(PQKB)10146054 035 $a(SSID)ssj0001399055 035 $a(PQKBManifestationID)11799579 035 $a(PQKBTitleCode)TC0001399055 035 $a(PQKBWorkID)11450306 035 $a(PQKB)11595224 035 $a(DE-B1597)527323 035 $a(OCoLC)1102801335 035 $a(DE-B1597)9780801471339 035 $a(Au-PeEL)EBL3138624 035 $a(CaPaEBR)ebr10904416 035 $a(CaONFJC)MIL683594 035 $a(OCoLC)922998683 035 $a(MiAaPQ)EBC3138624 035 $a(EXLCZ)993710000000216376 100 $a20140815h20021999 uy 0 101 0 $aeng 135 $aurcnu|||||||| 181 $ctxt 182 $cc 183 $acr 200 10$aMaking sense of taste $efood & philosophy /$fCarolyn Korsmeyer 210 1$aIthaca, New York :$cCornell University Press,$d2002. 210 4$dİ1999 215 $a1 online resource (247 p.) 300 $aIncludes index. 311 0 $a0-8014-3698-2 311 0 $a0-8014-8813-3 327 $tFront matter --$tContents --$tIllustrations --$tAcknowledgments --$tIntroduction --$tCHAPTER 1. The Hierarchy of the Senses --$tCHAPTER 2. Philosophies of Taste: Aesthetic and N anesthetic Senses --$tCHAPTER 3. The Science of Taste --$tCHAPTER 4. The Meaning of Taste and the Taste of Meaning --$tCHAPTER 5. The Visual Appetite: Representing Taste and Food --$tCHAPTER 6. Narratives Of Eating --$tIndex 330 $aTaste, perhaps the most intimate of the five senses, has traditionally been considered beneath the concern of philosophy, too bound to the body, too personal and idiosyncratic. Yet, in addition to providing physical pleasure, eating and drinking bear symbolic and aesthetic value in human experience, and they continually inspire writers and artists. In Making Sense of Taste, Carolyn Korsmeyer explains how taste came to occupy so low a place in the hierarchy of senses and why it is deserving of greater philosophical respect and attention. Korsmeyer begins with the Greek thinkers who classified taste as an inferior, bodily sense; she then traces the parallels between notions of aesthetic and gustatory taste that were explored in the formation of modern aesthetic theories. She presents scientific views of how taste actually works and identifies multiple components of taste experiences. Turning to taste's objects-food and drink-she looks at the different meanings they convey in art and literature as well as in ordinary human life and proposes an approach to the aesthetic value of taste that recognizes the representational and expressive roles of food. Korsmeyer's consideration of art encompasses works that employ food in contexts sacred and profane, that seek to whet the appetite and to keep it at bay; her selection of literary vignettes ranges from narratives of macabre devouring to stories of communities forged by shared eating. 606 $aFood 606 $aPhilosophy 606 $aFood$xSensory evaluation 615 0$aFood. 615 0$aPhilosophy. 615 0$aFood$xSensory evaluation. 676 $a664/.07 686 $aCC 8200$2rvk 700 $aKorsmeyer$b Carolyn$0553669 801 0$bMiAaPQ 801 1$bMiAaPQ 801 2$bMiAaPQ 906 $aBOOK 912 $a9910818040403321 996 $aMaking sense of taste$9979375 997 $aUNINA LEADER 04077nam 22006255 450 001 9910742495003321 005 20251008143700.0 010 $a3-031-34229-1 024 7 $a10.1007/978-3-031-34229-5 035 $a(MiAaPQ)EBC30720765 035 $a(CKB)28046878100041 035 $a(Au-PeEL)EBL30720765 035 $a(DE-He213)978-3-031-34229-5 035 $a(PPN)272263141 035 $a(EXLCZ)9928046878100041 100 $a20230824d2023 u| 0 101 0 $aeng 135 $aurcnu|||||||| 181 $ctxt$2rdacontent 182 $cc$2rdamedia 183 $acr$2rdacarrier 200 10$aMolecular Mechanisms of Neurotransmitter Release /$fedited by Zhao-Wen Wang 205 $a2nd ed. 2023. 210 1$aCham :$cSpringer International Publishing :$cImprint: Springer,$d2023. 215 $a1 online resource (408 pages) 225 1 $aAdvances in Neurobiology,$x2190-5223 ;$v33 311 08$a9783031342288 327 $aThe Architecture of the Presynaptic Release Site.-Cytomatrix Proteins in Presynaptic Terminal. - Multiple Modes of Fusion and Retrieval at the Calyx of Held Synapse -- Roles of SNARE Proteins in Synaptic Vesicle Fusion -- Calcium Sensors of Neurotransmitter Release. - Roles and Sources of Calcium in Synaptic Exocytosis -- Regulation of Presynaptic Calcium Channels -- Roles of mUnc13/UNC-13 and mUnc18/UNC-18 in Neurotransmitter Release. - The role of tomosyn in the regulation of neurotransmitter exocytosis. -Roles of complexins in Neurotransmitter Release. -Regulation of Neurotransmitter Release by AIPR-1/AIP and calstabins. - The Role of Potassium Channels in the Regulation of Neurotransmitter Release -- Roles of Neuropeptides in Synaptic Function. - Transsynaptic Regulation of Presynaptic Release Machinery in Central Synapses by Cell Adhesion Molecules. - Lipids and Secretory Vesicle Exocytosis -- Synaptic Vesicle Endocytosis. 330 $aNeurons communicate with each other by releasing neurotransmitters. This book provides comprehensive coverage of the molecular mechanisms involved in neurotransmitter release. The topics covered in the book range from the architecture and cytomatrix proteins of presynaptic sites, to the modes of synaptic vesicle exocytosis (full-collapse and kiss-and-run), and from the key molecules mediating synaptic vesicle fusion (SNAREs) to those that closely interact with them (UNC-13/Munc13, UNC-18/Munc18, tomosyn, and complexins). The book also delves into the calcium sensors of synaptic vesicle fusion (synaptotagmins and Doc2s), the sources of calcium that trigger synaptic exocytosis (voltage-gated calcium channels and ryanodine receptors), and the regulation of neurotransmitter release by potassium channels, cell adhesion molecules, lipids, aryl hydrocarbon receptor-interacting protein (AIP), presenilins, and calstabins. To aid in understanding and illustrate key concepts, the book includes sufficient background information and a wealth of illustrations and diagrams. The new edition includes major updates to previous chapters, as well as several new chapters that reflect the recent advances in the field. Comprehensive and cutting-edge, Molecular Mechanisms of Neurotransmitter Release, 2nd edition, is a valuable learning resource for neuroscience students and a solid reference for neuroscientists. 410 0$aAdvances in Neurobiology,$x2190-5223 ;$v33 606 $aNeurosciences 606 $aCytology 606 $aZoology 606 $aNeurology 606 $aNeuroscience 606 $aCell Biology 606 $aZoology 606 $aNeurology 615 0$aNeurosciences. 615 0$aCytology. 615 0$aZoology. 615 0$aNeurology. 615 14$aNeuroscience. 615 24$aCell Biology. 615 24$aZoology. 615 24$aNeurology. 676 $a573.854 700 $aWang$b Zhao-Wen$01173247 801 0$bMiAaPQ 801 1$bMiAaPQ 801 2$bMiAaPQ 906 $aBOOK 912 $a9910742495003321 996 $aMolecular Mechanisms of Neurotransmitter Release$93555500 997 $aUNINA